000 00934nam a22002175i 4500
001 165225
003 ES-MaACL
005 20250915063101.0
008 010528s1862 sp |||| | spa d
040 _aCCPB | B
_bspa
_cCCPB | B
100 1 _aSerra, Narciso,
_d1830-1877
_9132663
245 1 3 _aEl loco de la guardilla
_b: paso que pasó en el siglo XVIII : escrito en un acto y en verso /
_cpor Narciso Serra ; música del maestro Manuel Caballero.
250 _a3ª ed.
260 _aMadrid :
_b[s.n.],
_c1862 (
_fimprenta de Manuel Rojas)
300 _a31 p. ;
_c24 cm.
500 _aEn port.: Representado por primera vez en el teatro de la Zarzuela el día 9 de octubre de 1861.
500 _aSolo la letra.
700 0 _aCaballero, Manuel.
_933088
852 _aES-MaACL
_jD-1748(3)
_z-- Enc. hol. conservando la cub. original
_z-- Legado M. de la Fuente
_z-- Enc. en un vol. faticio
999 _c165225
_d165225